Ost-West Joint Ventures

Salvato in:
Dettagli Bibliografici
Altri autori: Zentes, Joachim
Natura: Libro
Lingua:tedesco
Pubblicazione: Stuttgart Schäffer-Poeschel 1992
Edizione:1. Aufl.
Soggetti:
Tags: Aggiungi Tag
Nessun Tag, puoi essere il primo ad aggiungerne!!

MARC

LEADER 00000nam a2200000 4500
001 c003602
005 20221221080716.5
020 |a 3-7910-0590-1 
041 0 |a ger 
044 |a DE 
245 1 0 |a Ost-West Joint Ventures  |c Edit. Joachim Zentes 
250 |a 1. Aufl. 
264 1 |a Stuttgart  |b Schäffer-Poeschel  |c 1992 
300 |a 386 s. 
610 2 0 |a joint ventures 
610 2 0 |a opcie 
610 2 0 |a stratégia hospodárska 
610 2 0 |a Maďarsko 
610 2 0 |a Poľsko 
610 2 0 |a Spoločenstvo nezávislých štátov 
610 2 0 |a ČSFR 
610 2 0 |a ČĽR 
610 2 0 |a priemysel spotrebný 
610 2 0 |a investície 
610 2 0 |a obchod 
610 2 0 |a gastronómia 
610 2 0 |a poradenstvo 
610 2 0 |a účtovníctvo 
610 2 0 |a koncerny 
700 1 |a Zentes, Joachim